书目信息 |
| 题名: |
大熊猫史话
|
|
| 作者: | 高富华 编著 | |
| 分册: | ||
| 出版信息: | 成都 四川民族出版社 2019.04 |
|
| 页数: | 23, 335页, 16页图版 | |
| 开本: | 21cm | |
| 丛书名: | ||
| 单 册: | ||
| 中图分类: | Q959.83 , Q959.8 | |
| 科图分类: | ||
| 主题词: | 大熊猫--da xiong mao--普及读物 | |
| 电子资源: | ||
| ISBN: | 978-7-5409-8237-9 | |
| 000 | 00838nam0 2200241 450 | |
| 001 | 2372487340 | |
| 005 | 20231124200818.53 | |
| 010 | @a978-7-5409-8237-9@dCNY58.00 | |
| 100 | @a20201222d2019 em y0chiy50 ea | |
| 101 | 0 | @achi |
| 102 | @aCN@b510000 | |
| 105 | @aaf z 000yy | |
| 200 | 1 | @a大熊猫史话@Ada xiong mao shi hua@d= History of panda@f高富华编著@zeng |
| 210 | @a成都@c四川民族出版社@d2019.04 | |
| 215 | @a23, 335页, 16页图版@c彩图@d21cm | |
| 330 | @a本书分为生物大熊猫 (1869-1949)、文化大熊猫 (1949-2019) 两部分, 主要内容包括: 发现大熊猫、追踪大熊猫、捕捉大熊猫、国礼大熊猫、明星大熊猫等。 | |
| 510 | 1 | @aHistory of panda@zeng |
| 606 | 0 | @a大熊猫@Ada xiong mao@j普及读物 |
| 690 | @aQ959.83@v5 | |
| 690 | @aQ959.8@v4 | |
| 701 | 0 | @a高富华@Agao fu hua@4编著 |
| 801 | @aCN@b山东中教@c20231121 | |
| 905 | @aBZT@dQ959.8@e4 | |
| 大熊猫史话= History of panda/高富华编著.-成都:四川民族出版社,2019.04 |
| 23, 335页, 16页图版:彩图;21cm |
| ISBN 978-7-5409-8237-9:CNY58.00 |
| 本书分为生物大熊猫 (1869-1949)、文化大熊猫 (1949-2019) 两部分, 主要内容包括: 发现大熊猫、追踪大熊猫、捕捉大熊猫、国礼大熊猫、明星大熊猫等。 |
| ● |
| 相关链接 |
|
|
|
正题名:大熊猫史话
索取号:Q959.8/4
 
预约/预借
| 序号 | 登录号 | 条形码 | 馆藏地/架位号 | 状态 | 备注 |
| 1 | 2001051659 | 2001051659 | 中教第一批/山东中教(第一批)/551/ [索取号:Q959.8/4] | 在馆 | |
| 2 | 2001051660 | 2001051660 | 中教第一批/山东中教(第一批)/551/ [索取号:Q959.8/4] | 在馆 | |
| 3 | 2001051661 | 2001051661 | 中教第一批/山东中教(第一批)/551/ [索取号:Q959.8/4] | 在馆 | |
| 4 | 2001051662 | 2001051662 | 中教第一批/山东中教(第一批)/551/ [索取号:Q959.8/4] | 在馆 | |
| 5 | 2001051663 | 2001051663 | 中教第一批/山东中教(第一批)/551/ [索取号:Q959.8/4] | 在馆 | |
| 6 | 2001051664 | 2001051664 | 中教第一批/山东中教(第一批)/551/ [索取号:Q959.8/4] | 在馆 |